Biblioteka Instytutu Północnego w Olsztynie

Widok standardowy Widok MARC

Pozycja Topical Term

Liczba rekordów, w których użyto hasła: 1

001 - Numer kontrolny

  • control field: 40398

003 - Identyfikator numeru kontrolnego

  • control field: NUKAT

005 - Data i czas ostatniej modyfikacji

  • control field: 20260422122318.0

008 - Dane kontrolne kodowane (40 znaków)

  • fixed length control field: 161214n||azznnbabn |a ana |

010 ## - Numer kontrolny Biblioteki Kongresu

  • numer kontrolny LC: p 2017014446

035 ## - Numer systemowy

  • numer systemowy: a35762287

035 ## - Numer systemowy

  • numer systemowy: (PL)a0000003576228

040 ## - Instytucja sporządzająca rekord

  • inst. przygot. dane do rek. khw: WA N
  • język haseł przedmiotowych/tezaurus: DBN
  • inst. wprow. rek. khw: WA N

072 ## - Kod kategorii przedmiotu

  • kod kategorii przedmiotu: 29

150 ## - Hasło - nazwa pospolita

  • nazwa posp. lub nazwa geogr. na pocz.: Nauczanie papieskie

450 ## - Trop zob. - nazwa pospolita

  • nazwa posp. lub nazwa geogr. na pocz.: Nauczanie papieży

550 ## - Trop zob. też - nazwa pospolita

  • nazwa posp. lub nazwa geogr. na pocz.: Papiestwo

555 ## - Trop zob. też - nazwa rodz. lub formalna

  • nazwa rodzajowa/formalna: Adhortacja apostolska

555 ## - Trop zob. też - nazwa rodz. lub formalna

  • nazwa rodzajowa/formalna: Brewe

555 ## - Trop zob. też - nazwa rodz. lub formalna

  • nazwa rodzajowa/formalna: Bulla

555 ## - Trop zob. też - nazwa rodz. lub formalna

  • nazwa rodzajowa/formalna: Encyklika

555 ## - Trop zob. też - nazwa rodz. lub formalna

  • nazwa rodzajowa/formalna: Konstytucja apostolska

555 ## - Trop zob. też - nazwa rodz. lub formalna

  • nazwa rodzajowa/formalna: List apostolski

555 ## - Trop zob. też - nazwa rodz. lub formalna

  • nazwa rodzajowa/formalna: Mowy i homilie papieskie

555 ## - Trop zob. też - nazwa rodz. lub formalna

  • nazwa rodzajowa/formalna: Orędzie papieskie

680 ## - Uwaga ogólna przeznaczona do publicznej prezentacj

  • tekst wyjaśniający: deskryptor
  • hasło lub określnik: - Nauczanie papieskie
  • tekst wyjaśniający: stosuje się dla prac omawiających nauczanie Papieży oraz dla tekstów nauczania
Biblioteka Instytutu Północnego, ul. Partyzantów 87, 10-402 Olsztyn, email: biblioteka(at)ip.olsztyn.pl